| 000 | 00581nam a2200193Ia 4500 | ||
|---|---|---|---|
| 005 | 20250326140812.0 | ||
| 008 | 250326s9999 xx 000 0 und d | ||
| 037 | _aTextbook | ||
| 040 |
_aFMSL _beng _cFMSL |
||
| 041 |
_aeng _2eng |
||
| 084 |
_aX:8 P9 _qFMSL |
||
| 100 |
_aBrogan C _9743095 |
||
| 245 | 0 |
_aTrust agents: using the web to build influence, improve reputation and earn trust _cBrogan C; Smith J |
|
| 260 |
_aNew Jersey _bNew Jersey, John Wiley _c2009 |
||
| 365 | _b1131.732 | ||
| 650 | _aManagement | ||
| 942 |
_cTB _hX:8 P9 |
||
| 999 |
_c1287353 _d1287353 |
||